000 00925nam a22002297a 4500
010 _a1617CH-EN
020 _a9788176761123
_c225.00
020 _a9788176761123
_c250.00 (AV)
035 _aB-646577-598
035 _aB-664780
037 _aDPL
_bStar/Ven.
082 _aS
100 _aMehta, Anurag
245 _aBest of classic tales /
_cby Anurag Mehta [and] Vaneeta Vaid
260 _aNew Delhi
_bNita Mehta
_c2014
270 _a3A/3 Asaf Ali Road,
_bNew Delhi
_e110002
300 _a77p.
_c25cm(Hb)
490 _aLarge print for young readers
942 _2ddc
_cCH
_mMEH
_hS
999 _c100834
_d100834